Prvý kyslý plod eurovalu a jeho následky

Od 1. 1. 2013 je v rámci Európskeho stabilizačného mechanizmu (ESM) uzákonený, platný pre všetkých kupujúcich záväzný právny rámec v podobe povinného používania CAC (Collective Action Clause) klauzuly nových emisií štátnych dlhopisov.

Salvato in:
Dettagli Bibliografici
Autore principale: Kráľ, Miloš
Natura: Capitolo di libro
Lingua:ceco
Soggetti:
Tags: Aggiungi Tag
Nessun Tag, puoi essere il primo ad aggiungerne!!

MARC

LEADER 00000naa a2200000 4500
001 0166958
005 20231011123318.7
041 0 |a cze 
044 |a SK 
245 1 0 |a Prvý kyslý plod eurovalu a jeho následky  |c Miloš Kráľ 
520 |a Od 1. 1. 2013 je v rámci Európskeho stabilizačného mechanizmu (ESM) uzákonený, platný pre všetkých kupujúcich záväzný právny rámec v podobe povinného používania CAC (Collective Action Clause) klauzuly nových emisií štátnych dlhopisov. 
610 2 0 |a Európska únia 
610 2 0 |a eurozóna 
610 2 0 |a dlhopisy štátne 
610 2 0 |a trh finančný 
610 2 0 |a emitenti 
610 2 0 |a veritelia 
610 2 0 |a výnosy 
100 1 |a Kráľ, Miloš